Catálogo público

La botica del monasterio : (Record no. 200912)

MARC details
000 -CABECERA
campo de control de longitud fija 00810nam a2200277Ia 4500
001 - NÚMERO DE CONTROL
campo de control Para_2378
003 - IDENTIFICADOR DEL NÚMERO DE CONTROL
campo de control CHAP
008 - DATOS DE LONGITUD FIJA--INFORMACIÓN GENERAL
campo de control de longitud fija 220125s1999 xx 000 0 und d
010 ## - NÚMERO DE CONTROL DE LA BIBLIOTECA DEL CONGRESO
Número de control de LC 200912
040 ## - FUENTE DE LA CATALOGACIÓN
Centro/agencia transcriptor CHAP
082 ## - NÚMERO DE LA CLASIFICACIÓN DECIMAL DEWEY
Número de clasificación PA 615.53 A8
100 ## - ENTRADA PRINCIPAL--NOMBRE DE PERSONA
Nombre de persona Ávila, Victória
9 (RLIN) 165748
245 ## - MENCIÓN DE TÍTULO
Título La botica del monasterio :
Resto del título cómo preparar tisanas, aceites y otros remedios curativos caseros /
Mención de responsabilidad, etc. por Victoria Ávila y Eduard Arnau
260 ## - PUBLICACIÓN, DISTRIBUCIÓN, ETC.
Lugar de publicación, distribución, etc. Barcelona :
Nombre del editor, distribuidor, etc. Tikal
300 ## - DESCRIPCIÓN FÍSICA
Extensión 239 p.
440 ## - MENCIÓN DE SERIE/PUNTO DE ACCESO ADICIONAL--TÍTULO
Título La medicina medieval actualizada
9 (RLIN) 165749
650 ## - PUNTO DE ACCESO ADICIONAL DE MATERIA--TÉRMINO DE MATERIA
Término de materia o nombre geográfico como elemento de entrada Farmacología
9 (RLIN) 39762
700 ## - PUNTO DE ACCESO ADICIONAL--NOMBRE DE PERSONA
Nombre de persona Arnau, Eduard
9 (RLIN) 165750
901 ## - ELEMENTOS DE DATOS A LOCAL LDA (RLIN)
a PA 615.53 A8
902 ## - ELEMENTOS DE DATOS B LOCAL, LDB (RLIN)
a A
905 ## - ELEMENTOS DE DATOS E LOCAL, LDE (RLIN)
a 0000001999 a 0000000000 00
910 ## - DATOS DE OPCIÓN DEL USUARIO (OCLC)
Datos de opción del usuario 1999
942 ## - ELEMENTOS DE PUNTO DE ACCESO ADICIONAL (KOHA)
Tipo de ítem Koha Parasitologia_
942 ## - ELEMENTOS DE PUNTO DE ACCESO ADICIONAL (KOHA)
Tipo de ítem Koha Parasitologia_
-- 1
Holdings
Estado de retiro Estado de pérdida Fuente del sistema de clasificación o colocación Estado dañado Restricciones de uso No para préstamo Código de colección Localización permanente Ubicación/localización actual Fecha de adquisición Número de inventario Total de préstamos Signatura topográfica completa Código de barras Fecha visto por última vez Número de copia Precio válido a partir de Tipo de ítem Koha Nota pública
    Dewey Decimal Classification   Préstamo interno   General Parasitologia Agricola Parasitologia Agricola 27/10/2005 (PA_8017) (No. UACh C/E)   PA 615.53 A8 4102001271 25/01/2022 Ej.1 25/01/2022 Libro 3